Một số đặc điểm tâm trắc của thang đo trí tuệ cảm xúc dành cho thanh thiếu niên /
محفوظ في:
| المؤلف الرئيسي: | |
|---|---|
| التنسيق: | مقال |
| اللغة: | Vietnamese |
| الموضوعات: | |
| الوسوم: |
إضافة وسم
لا توجد وسوم, كن أول من يضع وسما على هذه التسجيلة!
|
| Thư viện lưu trữ: | Thư viện Trường Đại học Đà Lạt |
|---|
| LEADER | 00829nam a2200253 4500 | ||
|---|---|---|---|
| 001 | DLU180183224 | ||
| 005 | ##20180118 | ||
| 040 | # | # | |a DLU |b vie |
| 041 | # | # | |a vie |
| 044 | # | # | |a vn |
| 100 | # | # | |a Phan Thị Mai Hương. |
| 245 | # | # | |a Một số đặc điểm tâm trắc của thang đo trí tuệ cảm xúc dành cho thanh thiếu niên / |c Phan Thị Mai Hương. |
| 653 | # | # | |a Đặc điểm tâm trắc của thang đo |
| 653 | # | # | |a Thanh thiếu niên |
| 653 | # | # | |a Trí tuệ cảm xúc |
| 773 | # | # | |t Tâm lý học |g Số 10(199), 2015, tr. 23-36 |
| 920 | # | # | |a Phòng Tạp chí -- Trung tâm Thông tin - Thư viện Trường Đại học Đà Lạt |
| 900 | # | # | |a True |
| 911 | # | # | |a Nguyễn Thị Thu Phương |
| 925 | # | # | |a G |
| 926 | # | # | |a A |
| 927 | # | # | |a BB |
| 980 | # | # | |a Thư viện Trường Đại học Đà Lạt |